[Event "World Junior U20 Open 2018"]
[Site "Gebze"]
[Date "2018.09.10"]
[Round "6.1"]
[White "Maghsoodloo, Parham"]
[Black "Firouzja, Alireza"]
[Result "1/2-1/2"]
[WhiteElo "2649"]
[BlackElo "2582"]
[Annotator "TA"]
[PlyCount "65"]
[EventDate "2018.09.05"]
[EventType "swiss"]
[EventCountry "TUR"]
[SourceTitle "playchess.com"]
[Source "ChessBase"]
[SourceQuality "1"]

{[%evp 15,65,6,13,0,15,12,16,10,13,11,10,-14,12,5,10,7,33,-50,-51,-59,38,27,32,42,62,46,66,73,60,25,23,0,24,12,6,0,0,0,0,0,0,0,0,0,0,0,0,0,0,0,0,0]} 1. e4 e6 2. d4 d5 3. exd5 exd5 4. Nf3 Bd6 5. Bd3 Ne7 6. O-O Nbc6 7. c3 Bf5 {C01: French: Exchange Variation} 8. Bxf5 Nxf5 {LiveBook: 4 Games} 9. Re1+ (9. Qd3 Nfe7 10. Re1 O-O 11. Ng5 Ng6 12. Be3 Qf6 13. Nd2 h6 14. Ngf3 Rae8 15. Qb5 {0-1 (41) Lagarde,M (2615)-Apicella,M (2501) Cannes 2018}) 9... Nfe7 10. b3 O-O 11. Na3 Ng6 12. Nb5 $146 ({Predecessor:} 12. Nc2 Qd7 13. Qd3 {½-½ (40) Van Tricht,M (2350)-Deneuville,C (2169) ICCF email 2016}) 12... Be7 13. c4 dxc4 14. bxc4 a6 15. Nc3 Bb4 16. Qb3 ({White should play} 16. Bb2 $14) 16... Nh4 $15 17. Nxh4 {[#] Black must now prevent Nf3.} Qxh4 (17... Qxd4 $15 18. Bb2 Qxh4) 18. Be3 $14 b5 19. Red1 Rab8 20. Rac1 (20. cxb5 {with more complications.} axb5 21. g3 Qh5 22. Rdc1 Rbd8 23. a4) 20... Bxc3 21. Qxc3 {Hoping for cxb5.} ({Weaker is} 21. Rxc3 Na5 $17) 21... Ne7 22. g3 Qh5 23. Qa3 Nf5 24. Bf4 bxc4 {The position is equal.} 25. Bxc7 Rbc8 26. Qc5 Qf3 27. Qxc4 Rxc7 28. Qxc7 {[#] And now Qc3 would win.} Ne3 $1 29. fxe3 Qxe3+ 30. Kg2 Qe2+ 31. Kh3 Qh5+ $1 32. Kg2 Qe2+ 33. Kh3 {Precision: White = 44%, Black = 56%.} 1/2-1/2

[Event "World Junior U20 Open 2018"]
[Site "Gebze"]
[Date "2018.09.10"]
[Round "6.2"]
[White "Sindarov, Javokhir"]
[Black "Christiansen, Johan-Sebastian"]
[Result "1-0"]
[WhiteElo "2484"]
[BlackElo "2525"]
[Annotator "TA"]
[PlyCount "63"]
[EventDate "2018.09.05"]
[EventType "swiss"]
[EventCountry "TUR"]
[SourceTitle "playchess.com"]
[Source "ChessBase"]
[SourceQuality "1"]

{[%evp 12,63,14,8,27,13,23,20,15,21,34,45,42,0,0,0,37,42,36,35,46,38,39,47,29,26,259,331,302,318,282,271,435,437,878,867,818,851,891,876,854,847,861,825,972,966,893,873,1292,1287,1251,1245,29982,29983]} 1. e4 e5 2. Nf3 Nc6 3. Bc4 Nf6 4. d3 Be7 5. Nc3 O-O 6. a3 d6 7. O-O {LiveBook: 36 Games} Kh8 {C55: Two Knights: 4 d3, 4 d4 exd4 5 e5 and Max Lange Attack} (7... Be6 8. Nd5 h6 9. c3 Qd7 10. Re1 Rae8 11. d4 Bg4 12. Ne3 Bxf3 13. Qxf3 g6 14. Nd5 Kg7 15. Nxf6 Bxf6 16. Bxh6+ Kxh6 17. Qxf6 {1-0 (53) Nepomniachtchi,I (2729)-Wang,H (2709) Riadh 2017}) 8. Ng5 Qe8 9. f4 $146 ({Predecessor:} 9. h3 h6 10. Nf3 Ng8 11. g4 h5 12. Kg2 hxg4 13. hxg4 Bxg4 14. Rh1+ Nh6 15. Bxh6 gxh6 16. Qd2 h5 17. Qh6+ Kg8 18. Qg6+ Kh8 19. Qxg4 h4 20. Rxh4+ Bxh4 21. Qxh4+ Kg7 22. Qg5+ {1-0 (22) Manzoni,A (2115)-Solinas,C (2058) Bratto 2000}) 9... exf4 {The position is equal.} 10. Bxf4 h6 11. Nf3 Ne5 12. Bxe5 dxe5 13. Kh1 Nd7 14. Nd5 Bd8 15. Qe1 $36 {[%mdl 2048] Black is under pressure.} c6 16. Ne3 Nf6 17. Qg3 Bc7 18. Nh4 Be6 $2 {[#]} (18... Nh5 $11 {and Black stays safe.} 19. Qf3 Nf4) 19. Rxf6 $1 $18 {[%mdl 512]} gxf6 {[#]} 20. Nhf5 $1 {[%csl Gf5][%cal Rg3g7]} ({Less strong is} 20. Bxe6 fxe6 21. Ng6+ Kh7 $14) 20... Rg8 21. Qh4 {[%cal Rh4h6]} Rg6 $2 (21... Rg5 {might work better.} 22. Qxh6+ Kg8 23. Qxf6 Bd8 24. Qxe5 Rg6) 22. Nxh6 {Black must now prevent Nef5.} Kg7 (22... b5 $142 23. Nxf7+ Kg7) 23. Nhf5+ Kg8 24. Rf1 {[%cal Ba1f1,Bf1f3,Bf3h3,Bh3g3][%mdl 32]} Bxc4 25. Nxc4 (25. dxc4 Rd8 $16) 25... Qe6 26. Rf3 Rd8 27. Nce3 {[%cal Bc4e3,Be3g4,Bg4h6][%mdl 32]} Bb6 28. Rh3 {[%csl Gh3][%cal Rh4h8]} Kf8 29. Rg3 ({Weaker is} 29. Qh8+ Rg8 $18) 29... Kg8 30. Ng4 {Intending Nxf6+ and mate.} Rd6 31. Nxd6 {White wants to mate with Nh6+.} Qxd6 32. Nh6+ {Precision: White = 86%, Black = 44%.} 1-0

[Event "World Junior U20 Open 2018"]
[Site "Gebze"]
[Date "2018.09.10"]
[Round "6.3"]
[White "Donchenko, Alexander"]
[Black "Kollars, Dmitrij"]
[Result "1/2-1/2"]
[WhiteElo "2614"]
[BlackElo "2536"]
[Annotator "TA"]
[PlyCount "103"]
[EventDate "2018.09.05"]
[EventType "swiss"]
[EventCountry "TUR"]
[SourceTitle "playchess.com"]
[Source "ChessBase"]
[SourceQuality "1"]

{[%evp 22,103,71,38,37,59,56,50,49,39,57,54,50,50,43,33,81,67,67,67,87,84,73,74,72,75,91,80,89,72,71,70,65,83,87,61,58,59,68,68,68,68,68,68,68,68,68,68,68,68,68,68,68,68,68,68,68,66,66,58,69,69,69,11,18,0,5314,0,447,0,4576,0,29962,29963,29962,0,29966,0,0,0,0,0,29977,0]} 1. d4 Nf6 2. c4 g6 3. Nc3 Bg7 4. e4 d6 5. f3 O-O 6. Be3 c5 7. Nge2 Nc6 8. d5 Ne5 9. Ng3 h5 10. Be2 {E81: Königsindisch (Sämisch-Angriff)} h4 11. Nf1 e6 12. Bg5 {LiveBook: 14 Partien. Weiß steht besser.} Qb6 (12... exd5 13. Nxd5 h3 14. gxh3 Bxh3 15. Ng3 Qa5+ 16. b4 Qd8 17. bxc5 Qa5+ {½-½ (89) Sethuraman,S (2631)-Jones,G (2675) Dubai 2018}) 13. Qd2 exd5 {Droht stark ...d4.} 14. Bxf6 Bxf6 15. Nxd5 Qd8 16. Nxf6+ (16. Nfe3 {looks sharper.} Nc6 17. O-O-O Bd4 18. Kb1 Be6 19. g3) 16... Qxf6 17. Ne3 Nc6 18. O-O-O $146 Qd4 19. Nc2 Qxd2+ 20. Rxd2 Rd8 21. Rhd1 Kf8 22. Rxd6 Rxd6 23. Rxd6 Be6 24. Rd1 Re8 25. b3 Kg7 26. Kd2 f5 27. exf5 Bxf5 28. Ne3 Nd4 29. Re1 Rxe3 30. Kxe3 $14 {[%mdl 4096] Endspiel Schwarz muss nun Ld3 beachten. KTL-KLS} Nc2+ 31. Kd2 {zielt auf Td1 ab.} Nxe1 32. Kxe1 {KL-KL} g5 33. Kd2 Kf6 34. Bd3 Bd7 35. Ke3 Ke5 36. g3 hxg3 37. hxg3 b6 38. Bg6 Bc6 39. Bf7 Bd7 40. Bd5 Bf5 41. Bc6 Bg6 42. Kd2 (42. Be4 $14 Be8 43. Bd3) 42... Kd4 $1 $11 43. f4 Be4 $2 {[%mdl 8192]} (43... gxf4 $11 44. gxf4 Be4) 44. Bd7 $2 ({Weiss kommt nicht vorbei an} 44. Bxe4 $18 gxf4 45. Bb7 fxg3 46. Ba8) 44... Bh7 $2 {[%mdl 8192]} (44... gxf4 $11 45. gxf4 Bb1) 45. Bc6 $2 ({Der einzige Zug:} 45. f5 $18) 45... Be4 $2 {[%mdl 8192]} (45... gxf4 $11 46. gxf4 Bb1) 46. Bd5 $2 ({Weiss braucht} 46. Bxe4 $18 gxf4 47. Bb7 fxg3 48. Bg2) 46... Bxd5 $2 {[%mdl 8192] [#]} (46... gxf4 $11 47. gxf4 Bxd5 48. cxd5 Kxd5) 47. cxd5 Kxd5 {KB-KB} 48. Ke3 $2 (48. fxg5 Ke5 49. Kd3 Kf5 50. Kc4 a6 51. Kd5 Kg6 52. Kc6 b5 53. Kxc5) 48... b5 $2 {[%mdl 8192]} (48... gxf4+ $11 49. Kxf4 b5) 49. Kd3 $2 (49. fxg5 Kd6 50. g6 Ke7 51. Ke4 a6 52. g7 Kf7 53. Kd5 c4 54. bxc4 bxc4 55. Kxc4) 49... c4+ 50. bxc4+ bxc4+ 51. Kc3 Ke4 $2 {[%mdl 8192]} (51... gxf4 $11 52. gxf4 Ke4) 52. Kxc4 $2 {Precision: Weiß = 45%, Schwarz = 70%.} (52. fxg5 {setzt Matt} Kf5 53. Kxc4 Kxg5 54. Kb5 Kh5 {[#]} 55. g4+ $1 {[%mdl 512]} Kg5 56. Ka6 Kf4 57. Kxa7) 1/2-1/2

[Event "World Junior U20 Open 2018"]
[Site "Gebze"]
[Date "2018.09.10"]
[Round "6.4"]
[White "Santos Ruiz, Miguel"]
[Black "Esipenko, Andrey"]
[Result "1/2-1/2"]
[WhiteElo "2524"]
[BlackElo "2593"]
[Annotator "TA"]
[PlyCount "63"]
[EventDate "2018.09.05"]
[EventType "swiss"]
[EventCountry "TUR"]
[SourceTitle "playchess.com"]
[Source "ChessBase"]
[SourceQuality "1"]

{[%evp 22,63,20,26,41,27,61,56,43,42,77,18,17,-32,-27,-37,-21,-21,-25,-35,-30,-58,0,0,0,0,0,0,0,0,0,0,0,0,0,-13,0,0,0,0,0,0,8,-13]} 1. e4 e5 2. Nf3 Nc6 3. Bb5 a6 4. Ba4 Nf6 5. O-O b5 6. Bb3 Bc5 7. a4 Rb8 {C78: Ruy Lopez: Archangelsk and Möller Defences} 8. Nxe5 Nxe5 9. d4 Bxd4 10. Qxd4 d6 11. Bf4 c5 12. Qd2 {LiveBook: 3 Games. Threatens to win with axb5.} O-O 13. f3 {[#]} Qe7 $146 ({Predecessor:} 13... c4 14. Ba2 Be6 15. axb5 axb5 {1-0 (61) Wang,H (2711)-Sunilduth Lyna,N (2574) Abu Dhabi 2018}) 14. Nc3 c4 15. Ba2 $1 Be6 16. Bg5 (16. axb5 $16 {With the idea Rad1.} axb5 17. b4) 16... b4 $11 17. Nd5 Bxd5 $1 18. exd5 h6 19. Bh4 Rfc8 20. Rae1 {[#] aiming for f4.} Qd8 21. Qd4 Qb6 (21... b3 $15 22. cxb3 cxb3) 22. Qxb6 {The position is equal.} Rxb6 23. Bxf6 gxf6 24. f4 Ng6 25. c3 bxc3 26. bxc3 Rb2 27. Bb1 Kg7 28. Rf3 Rcb8 29. Bxg6 Kxg6 30. f5+ Kg7 31. Re4 Rd2 32. Rxc4 {Precision: White = 58%, Black = 61%.} 1/2-1/2

[Event "World Junior U20 Open 2018"]
[Site "Gebze"]
[Date "2018.09.10"]
[Round "6.5"]
[White "Aravindh, Chithambaram VR"]
[Black "Karthik Venkataraman"]
[Result "0-1"]
[WhiteElo "2578"]
[BlackElo "2519"]
[Annotator "TA"]
[PlyCount "102"]
[EventDate "2018.09.05"]
[EventType "swiss"]
[EventCountry "TUR"]
[SourceTitle "playchess.com"]
[Source "ChessBase"]
[SourceQuality "1"]

{[%evp 32,102,52,25,36,19,21,11,26,23,38,-41,-44,-48,-34,-42,-44,-73,-81,-83,-59,-91,-82,-97,-110,-158,-154,-237,-232,-529,-525,-517,-504,-523,-523,-545,-433,-488,-398,-391,-384,-388,-374,-386,-355,-440,-400,-362,-355,-493,-479,-583,-578,-687,-693,-693,-678,-658,-652,-678,-676,-637,-331,-510,-503,-495,-432,-361,0,-630,-614,-600,-590]} 1. e4 c5 2. Nf3 d6 3. d4 Nf6 4. Nc3 cxd4 5. Nxd4 a6 6. Be2 e6 7. O-O Be7 8. f4 O-O 9. Kh1 Qc7 10. a4 Nc6 11. Be3 Re8 12. Bf3 Bd7 13. Nb3 b6 14. g4 {[%cal Bg2g4,Bg4g5][%mdl 32]} Bc8 15. g5 Nd7 16. Bg2 Rb8 17. Qe2 {LiveBook: 12 Games} Bb7 {B85: Sicilian Scheveningen: 6 Be2 a6, lines with early Be3} 18. Rf3 Nb4 (18... Bf8 19. Rh3 g6 20. Qf2 Nb4 21. Rd1 Bg7 22. Nc1 f5 23. gxf6 Nxf6 24. Bxb6 Ng4 25. Qg1 {½-½ (49) Li,C (2622)-Li,S (2505) China 2008}) 19. Rh3 g6 {The position is equal.} 20. Qf2 f5 $146 ({Predecessor:} 20... Nc5 21. Rf1 f5 22. exf5 exf5 {½-½ (131) Yao,L-Juracsik,J (2141) Budapest 2013}) 21. Nd4 ({Better is} 21. a5 $14 bxa5 22. Nxa5 (22. Qh4 h5 $17) 22... Bxe4 23. Nxe4 fxe4 24. Bxe4) 21... Bf8 $15 22. exf5 exf5 23. Rd1 Nc5 24. Nde2 Qf7 25. Rd2 Rbc8 26. Bd4 Bxg2+ 27. Qxg2 d5 28. Rd1 Nxc2 29. Nxd5 {[#]} (29. Be5 $17 Nb4 30. Nxd5 Nxd5 31. Qxd5 Qxd5+ 32. Rxd5) 29... Rxe2 $1 $19 {[%mdl 512]} 30. Rxh7 $2 (30. Nf6+ Qxf6 31. Bxf6 Rxg2 32. Kxg2) (30. Qxe2 Qxd5+) 30... Nxd4 ({Stronger than} 30... Qxh7 31. Nf6+ Kg7 32. Bxc5 $11) 31. Rxf7 Kxf7 (31... Rxg2 $2 32. Ra7 $19) 32. Qf1 Nce6 33. Qh3 Rcc2 34. b4 Rxh2+ 35. Qxh2 Rxh2+ 36. Kxh2 b5 37. axb5 axb5 38. Ra1 Nc6 39. Kg3 Ned4 ({But not} 39... Nxb4 40. Ra7+ Ke8 41. Nf6+ Kd8 42. Ra8+ Kc7 43. Re8 $19) 40. Rh1 Bd6 41. Rh7+ Ke6 42. Nc7+ Bxc7 43. Rxc7 Kd6 44. Rb7 Ne7 45. Rb6+ Kc7 46. Rf6 Ndc6 47. Re6 Kd7 48. Rf6 Nd4 49. Rb6 Kc7 $2 (49... Nec6 50. Rb7+ Kd6) 50. Rf6 Ne2+ 51. Kf3 {[#]} Nxf4 $1 {[%mdl 512] Precision: White = 35%, Black = 83%.} 0-1

[Event "World Junior U20 Open 2018"]
[Site "Gebze"]
[Date "2018.09.10"]
[Round "6.6"]
[White "Tabatabaei, M amin"]
[Black "Harsha Bharathakoti"]
[Result "1-0"]
[WhiteElo "2576"]
[BlackElo "2474"]
[Annotator "TA"]
[PlyCount "135"]
[EventDate "2018.09.05"]
[EventType "swiss"]
[EventCountry "TUR"]
[SourceTitle "playchess.com"]
[Source "ChessBase"]
[SourceQuality "1"]

{[%evp 19,135,7,25,30,42,29,33,42,39,23,31,0,17,5,25,29,30,37,37,30,37,31,25,21,32,29,30,11,11,12,16,6,40,29,44,16,54,39,59,50,77,18,40,4,8,6,15,0,0,0,0,0,34,34,34,34,25,0,0,10,1,1,6,0,0,0,0,0,0,0,6,8,258,287,29982,29983,1232,1078,814,639,647,654,640,605,562,499,475,346,322,299,368,390,352,340,602,648,29939,29939,12850,10249,4727,3528,2133,1655,29979,29980,29982,29983,29991,29992,29992,29992,29993,29994,29994,29995,29995,29993]} 1. e4 e5 2. Nf3 Nc6 3. Bb5 a6 4. Ba4 Nf6 5. O-O b5 6. Bb3 Bb7 7. Re1 Bc5 8. c3 d6 9. d4 Bb6 10. Be3 O-O ({Much worse is} 10... Nxe4 $6 11. d5 $16) (10... exd4 {with more complications.} 11. cxd4 Na5 12. Bc2 O-O 13. Nbd2 Re8) 11. d5 {C78: Ruy Lopez: Archangelsk and Möller Defences} Ne7 {[%cal Bc6e7,Be7g6,Bg6f4][%mdl 32]} 12. Bxb6 cxb6 13. Nbd2 {[%cal Bb1d2,Bd2f1,Bf1e3][%mdl 32] White is slightly better.} Ng6 (13... Nd7 14. Bc2 h6 15. Nf1 f5 16. exf5 Nxf5 17. N3d2 Nc5 18. b4 Na4 19. Bxf5 Rxf5 {1-0 (38) Yu,Y (2721)-Bu,X (2698) Shenzhen 2016}) 14. Nf1 Bc8 15. N3d2 $146 ({Predecessor:} 15. Bc2 Nf4 16. Ne3 Ng4 17. Bd3 Qf6 18. Bf1 Qg6 {½-½ (42) Jakubowski,K (2353)-Mista,A (2354) Trzebinia 2000}) 15... Nf4 16. Bc2 N6h5 17. Ne3 Qg5 18. Kh1 Nf6 19. Nf3 Qh5 20. Ng1 Ng4 21. Nxg4 Bxg4 22. f3 Bd7 23. Ne2 (23. g3 {feels hotter.} Ng6 24. Qd2 Ne7 25. Re2 f6 26. Rf2) 23... Qg5 {[%csl Gf4][%cal Rg5g2] [#]} 24. Nxf4 Qxf4 25. Qe2 Rfc8 26. Qf2 Rab8 27. a3 Qf6 28. Qe3 h6 29. g3 Re8 30. Kg2 ({White should try} 30. f4 $16) 30... Qg5 31. Qf2 f5 32. exf5 Bxf5 33. h4 Qg6 34. Bxf5 Qxf5 35. a4 Qd3 36. Rad1 Qc4 37. Re4 Qc5 38. Qe2 bxa4 39. Rxa4 a5 40. Rd2 Rbc8 41. Rg4 {[%cal Ba4g4,Bg4g6,Bg6h6][%mdl 32]} b5 42. Qe4 Re7 43. Rg6 a4 44. Rf2 a3 45. bxa3 Qxa3 $2 {[#]} (45... Rd8 $11) 46. Rxh6 $1 $18 {[%mdl 512]} Rxc3 $2 (46... gxh6 $18 47. Qg4+ Rg7 48. Qxc8+ Kh7 49. Qf5+ Kh8) 47. Qh7+ Kf7 48. Rg6 Ke8 49. Qg8+ Kd7 50. Rxg7 Rxg7 51. Qxg7+ {[%mdl 4096] Endgame KQR-KQR} Kc8 52. h5 {Strongly threatening h6.} Rc1 53. f4 Qd3 54. Qf8+ ({Not} 54. fxe5 $2 Qe4+ 55. Kh3 Rh1+ 56. Rh2 Qf5+ 57. g4 Qf3+ 58. Kh4 Rxh2+ $19) 54... Kb7 55. fxe5 {Hoping for Rf7+.} Qe4+ 56. Qf3 Qxe5 $2 (56... Qe1 57. Kh3 Qxe5) 57. Qf5 Qa1 58. Qd7+ Ka6 59. Qxd6+ Ka5 60. Qd8+ Kb4 61. Qf8+ Kc4 62. Rf4+ {White mates.} Kxd5 63. Qd8+ Kc5 64. Qc7+ Kd5 65. Rf5+ Ke4 66. Qf4+ Kd3 67. Rd5+ Kc3 68. Qd4+ {Precision: White = 60%, Black = 43%.} 1-0

[Event "World Junior U20 Open 2018"]
[Site "Gebze"]
[Date "2018.09.10"]
[Round "6.7"]
[White "Janik, Igor"]
[Black "Vavulin, Maksim"]
[Result "0-1"]
[WhiteElo "2447"]
[BlackElo "2559"]
[Annotator "TA"]
[PlyCount "122"]
[EventDate "2018.09.05"]
[EventType "swiss"]
[EventCountry "TUR"]
[SourceTitle "playchess.com"]
[Source "ChessBase"]
[SourceQuality "1"]

{[%evp 9,122,36,61,65,69,75,74,70,70,33,37,8,0,-9,63,-4,76,33,22,23,28,22,25,33,35,34,114,88,182,0,8,-71,-77,-41,-46,-57,-49,-60,0,0,0,-76,-56,-65,-62,-208,12,0,0,-14,0,0,5,0,14,0,6,7,15,18,14,5,23,0,18,-17,0,0,0,-20,0,0,0,-34,-29,-29,-31,-49,-60,-44,0,-8,-16,-70,-58,-202,-194,-360,-356,-770,-348,-347,-341,-201,-155,-304,-316,-465,-432,-434,-269,-862,-879,-814,-762,-1264,-1230,-1747,-1733,-12837,-8326,-12838,-12839,-12843,-12843]} 1. d4 Nf6 2. c4 d6 3. Nf3 Nc6 4. Nc3 e5 5. g3 Bg4 6. d5 {A54: Old Indian Defence with Nf3, but without e4} Ne7 7. Bg2 Qc8 (7... g6 8. O-O Bg7 9. c5 O-O 10. cxd6 cxd6 11. Nd2 Qd7 12. a4 Bh3 13. e4 Rac8 14. Qe2 Bxg2 15. Kxg2 Bh6 16. Nc4 Bxc1 17. Raxc1 Ne8 {0-1 (42) Riemersma,L (2449)-Jonkman,H (2421) Haarlem 2016}) 8. h3 {White is better.} Bd7 9. Bg5 (9. e4 {with more complications.} h6 10. b3 Ng6 11. Nd2 c5 12. h4) 9... h6 $146 ({Predecessor:} 9... Ng6 10. e4 Be7 11. h4 {½-½ (46) Radovic,L (2210)-Cvetanovic,U (2323) Leskovac 2014}) 10. Bxf6 (10. Bc1 {is interesting.} c6 11. dxc6 Nxc6 12. b3 Nb4 13. a3) 10... gxf6 11. h4 h5 (11... Bg7 $11) 12. c5 (12. e3 $14) 12... Ng6 (12... dxc5 $11 13. e4 Bg4) 13. Rc1 Qd8 14. cxd6 cxd6 15. O-O Bh6 16. e3 f5 17. Nd2 f4 (17... a6 $14) 18. Nc4 (18. Qxh5 fxg3 19. Qe2 (19. Qf3 $2 Nxh4 20. Qe2 Nf5 $19) 19... gxf2+ 20. Rxf2 f5 $15) 18... Kf8 (18... Bg4 $16 19. Qa4+ Kf8) 19. exf4 $2 (19. Nxd6 Bg4 $11) (19. Ne4 $1 $18) 19... Nxf4 $11 20. gxf4 (20. Rb1 $11) 20... Bxf4 $17 21. Ne2 Bxc1 22. Nxc1 (22. Qxc1 Rc8 $17) 22... Qxh4 23. Nxd6 Ke7 (23... Rh6 $1 $15 24. Ne4 (24. Nxb7 $2 Rg6 $19) 24... Bh3) 24. Ne4 $11 ({But not} 24. Nxb7 $2 Rag8 $19) 24... Rag8 25. Ng3 (25. Qf3 $1 $11 {keeps the balance.} Rxg2+ 26. Qxg2) 25... Qf6 $1 $17 {[%mdl 1024] White must now prevent ...h4. Black has strong compensation.} 26. d6+ $1 Qxd6 27. Qb3 (27. Qxd6+ $15 Kxd6 28. Kh2) 27... Rg4 $2 (27... h4 $1 $19 {[%cal Rh4g3]} 28. Rd1 Qb6) 28. Qxb7 {Hoping for Nf5+.} Kf8 29. Qa8+ ({Avoid the trap} 29. Qxa7 $2 h4 $19) 29... Kg7 30. Qf3 {Rd1 is the strong threat.} Qf6 (30... h4 {feels hotter.} 31. Rd1 Qe6 32. Rxd7 Qxd7 33. Nf5+ Kf6) 31. Qxf6+ Kxf6 32. Bf3 Rg6 {And now ...h4 would win.} 33. Kh2 h4 34. Ne4+ Ke7 35. Nc5 Bg4 36. Bh1 Rd6 37. N1b3 Rd1 $36 {[%mdl 2048] Black fights for an advantage.} 38. Rxd1 Bxd1 39. Nd2 Rd8 40. Nc4 f6 41. Nb7 Rd4 42. Nba5 {Strongly threatening Nc6+.} Ke6 43. b3 Rf4 44. Kg1 Bf3 45. Bxf3 Rxf3 46. Nd2 (46. Nc6 $11) 46... Rd3 47. Nac4 ({Only move:} 47. Ndc4 $1 $15) 47... f5 $1 $19 {[%cal Bf6f5,Bf5f4][%mdl 32]} 48. a4 $2 {[#]} (48. Kh1 {might work better.}) 48... e4 $1 49. b4 $2 (49. a5) 49... Kd5 (49... Rd4 $142 50. a5 f4) 50. Ne3+ {[#]} Ke5 $1 51. Ndc4+ Kd4 52. Na5 (52. Nb2 $17 Rd2 53. Nxf5+ Kc3 54. Ne3) 52... f4 53. Nf5+ (53. Ng2 $142 Rd1+ 54. Kh2) 53... Kc3 54. Nc6 h3 55. b5 $2 (55. a5 Rd2 56. Nh4) 55... Rd5 {Black is clearly winning.} 56. Nce7 Re5 57. Kh2 Kd3 58. Nh4 Rxe7 59. Ng6 f3 60. Nxe7 e3 {[%cal Be4e3,Be3e2][%mdl 32]} 61. Nf5 e2 {Precision: White = 28%, Black = 51%.} 0-1

[Event "World Junior U20 Open 2018"]
[Site "Gebze"]
[Date "2018.09.10"]
[Round "6.8"]
[White "Batsuren, Dambasuren"]
[Black "Hakobyan, Aram"]
[Result "1/2-1/2"]
[WhiteElo "2446"]
[BlackElo "2554"]
[Annotator "TA"]
[PlyCount "124"]
[EventDate "2018.09.05"]
[EventType "swiss"]
[EventCountry "TUR"]
[SourceTitle "playchess.com"]
[Source "ChessBase"]
[SourceQuality "1"]

{[%evp 22,124,0,0,16,5,25,-13,-13,-45,-44,-41,-50,-53,-38,-57,-35,-77,-74,-64,-77,-62,-56,-64,-54,-63,-58,-69,-70,-58,-50,-72,-29,-29,-29,-29,-29,-30,-26,-31,-27,-27,-27,-25,-19,-25,-15,-15,-13,-13,-13,-13,-8,-8,-8,-13,-13,-13,-9,-9,-5,-9,-9,-14,-9,-13,-9,-17,-9,-18,-9,-9,-9,-9,-8,-8,-8,-8,-8,-8,-8,-8,0,-11,0,0,0,0,0,-3,-10,-18,-18,-18,-18,-18,-18,-18,0,-18,0,-18,0,-18,0]} 1. d4 Nf6 2. c4 g6 3. Nc3 Bg7 4. Nf3 d5 5. cxd5 Nxd5 6. e4 Nxc3 7. bxc3 c5 8. h3 O-O 9. Be2 b6 10. Be3 {D85: Exchange Grünfeld: Unusual White 7th moves and lines with 7 Nf3} Bb7 11. Qd3 e6 12. O-O {LiveBook: 4 Games} Nd7 {[%cal Bb8d7,Bd7f6,Bf6d5,Bd5c3][%mdl 32]} 13. Rad1 Nf6 14. e5 $146 ({Reject} 14. dxc5 Nxe4 15. cxb6 Qxd3 $17) ({Predecessor:} 14. Nd2 Qc7 15. Qb1 Rac8 16. Rc1 h6 17. Bd3 Rfd8 {0-1 (83) Bosch,J (2445)-Van Wely,L (2651) Netherlands 2004}) 14... Nd5 15. dxc5 Qc7 16. cxb6 axb6 17. Bd2 {With the idea c4.} Ra3 18. Rc1 Rc8 {[%cal Rd5c3]} (18... Bxe5 {keeps more tension.} 19. Nxe5 Qxe5 20. Qf3 Rxa2 21. Rfd1 Ne7) 19. Qb1 {White wants to play c4.} Nxc3 20. Rxc3 Rxc3 21. Bxc3 Qxc3 22. Qxb6 Bd5 23. a4 Ra8 24. Bb5 Bxf3 25. gxf3 Bxe5 26. Qe3 Rd8 (26... Qb2 {with more complications.} 27. Rd1 Rc8 28. Bf1 Qc2 29. Rd3 Bc3) 27. Qxc3 Bxc3 $11 {[%mdl 4096] Endgame KRB-KRB} 28. Rc1 Ba5 29. Rc2 Rd1+ 30. Kg2 Kg7 31. Be8 $1 Rd8 32. Bc6 Rd6 33. Be8 Kf6 34. Rc5 {The position is equal.} Bb6 35. Rc6 Rxc6 36. Bxc6 {KB-KB} Ke5 37. Kg3 Bc7 38. Be8 Kf5+ 39. Kg2 f6 40. Bd7 Ke5 41. Bc8 Kd5 42. Bd7 f5 43. Be8 g5 44. Bd7 h6 45. Bc8 Bb6 46. Kf1 Ke5 47. Kg2 h5 48. Bd7 Kf6 49. Be8 h4 50. Bd7 Ke7 51. Bc8 Kf6 52. Bd7 e5 53. Bc8 e4 54. fxe4 fxe4 55. f3 e3 {[#] ( -> ...e2)} 56. Kf1 Ke5 57. Ke2 Kd4 58. Bg4 Ba5 59. Bh5 Bb6 60. Bg4 Ba5 61. Bh5 Bb6 62. Bg4 Ke5 {Precision: White = 83%, Black = 50%.} 1/2-1/2